1759 1575 1413 1452 1019 1730 1102 1567 1705 1445 1419 1087 1931 1808 1632 1462 1147 1883 1919 1286 1588 1109 1783 1384 1771 1178 1474 1768 1512 1276 1670 1534 1777 1378 1751 1633 1681 1030 1418 1950 1244 1378 1393 1122 1723 1048 1138 1210 1999 1610 1252 1088 1985 1396 1533 1591 1474 1495 1115 1772 1016 1230 1402 1069 1028 1149 1922 1213 1356 1308 1955 1666 1869 1295 1778 1823 1887 1949 1493 1690 1696 1802 1076 1523 1623 1321 1731 1005 1147 1583 1367 1719 1458 1543 1685 1472 1072 1999 1287 BCNSPRNW ULIB Ver.6.0+V

เปลี่ยนเป็นภาษาไทย

Change to English
 แสดงรายละเอียดบรรณานุกรม
  กลับหน้าหลัก

Brief Record : Get Marc (ISO 2709) : E-mail record : QR code < ปิดหน้าต่าง
LEADER : 00000nam 2200000uu 4500
001    13399126253
003     ULIB
008    180827s2560||||th 000 0 tha d
020    ^a9786161135683
060    ^aWY156 ด123ก
100    ^aดนัย ดุสรักษ์
245    ^aการพยาบาลผู้ป่วยมะเร็ง Nursing Care for Patients with Cancer
250    ^aพิมพ์ครั้งที่ 1
260    ^aราชบุรี :^bวิทยาลัยพยาบาลบรมราชชนนี จักรีรัช,^c2560
300    ^a87 หน้า^bภาพประกอบ
650    ^aมะเร็ง
650    ^aการพยาบาลผู้ป่วยมะเร็ง
945    ^p120^l0^i004399
945    ^p120^l0^i004979
945    ^p120^l0^i004978
945    ^p120^l0^i004976
945    ^p120^l0^i004400
945    ^p120^l0^i004401
945    ^p120^l0^i004977
945    ^p120^l0^i004980
999    ^aประนอม เกษจรัล
รายการนี้ยังไม่มีแท็ก
คุณยังไม่ได้ล็อกอิน คุณสามารถมีกิจกรรมร่วมกับเว็บไซต์ได้ แต่ต้องล็อกอินก่อน ::
  ล็อกอิน

รายการสื่อสารสนเทศ

ลำดับที่ ประเภท เลขเรียก/บาร์โค้ด สถานที่ สถานะ
1. วิทยาศาสตร์การแพทย์ และสุขภาพ
หนังสือสำรอง
สถานะ=หนังสือสำรอง
WY156 ด123ก ฉ.1 
  Barcode: 004399
ห้องสมุดวิทยาเขตสวรรค์ประชารักษ์
►หนังสือทั่วไป
บนชั้น
2. วิทยาศาสตร์การแพทย์ และสุขภาพ
วิทยาศาสตร์การแพทย์ และสุขภาพ
WY156 ด123ก ฉ.2 
  Barcode: 004400
ห้องสมุดวิทยาเขตสวรรค์ประชารักษ์
►หนังสือทั่วไป
บนชั้น
3. วิทยาศาสตร์การแพทย์ และสุขภาพ
วิทยาศาสตร์การแพทย์ และสุขภาพ
WY156 ด123ก ฉ.3 
  Barcode: 004401
ห้องสมุดวิทยาเขตสวรรค์ประชารักษ์
►หนังสือทั่วไป
บนชั้น
4. Book การพยาบาล
Book การพยาบาล
WY156 ด123ก ฉ.4 
  Barcode: 004976
ห้องสมุดวิทยาเขตสวรรค์ประชารักษ์
►หนังสือทั่วไป
บนชั้น
5. Book การพยาบาล
Book การพยาบาล
WY156 ด123ก ฉ.5 
  Barcode: 004977
ห้องสมุดวิทยาเขตสวรรค์ประชารักษ์
►หนังสือทั่วไป
บนชั้น
6. Book การพยาบาล
Book การพยาบาล
WY156 ด123ก ฉ.6 
  Barcode: 004978
ห้องสมุดวิทยาเขตสวรรค์ประชารักษ์
►หนังสือทั่วไป
ถูกยืม กำหนดส่งวันที่ 17 มีนาคม 2568
  จอง
7. Book การพยาบาล
Book การพยาบาล
WY156 ด123ก ฉ.7 
  Barcode: 004979
ห้องสมุดวิทยาเขตสวรรค์ประชารักษ์
►หนังสือทั่วไป
บนชั้น
8. Book การพยาบาล
Book การพยาบาล
WY156 ด123ก ฉ.8 
  Barcode: 004980
ห้องสมุดวิทยาเขตสวรรค์ประชารักษ์
►หนังสือทั่วไป
บนชั้น

รายการใกล้เคียง
    ชื่อเรื่อง [การพยาบาลผู้ป่วยมะเร็ง Nursing Care for Patients with Cancer]

    ผู้แต่ง [ดนัย ดุสรักษ์]

    หัวเรื่อง [มะเร็ง]
    หัวเรื่อง [การพยาบาลผู้ป่วยมะเร็ง]

BibComment


ยังไม่เคยถูกคอมเมนท์

คอมเมนท์ทรัพยากรรายการนี้
  คอมเมนท์: การพยาบาลผู้ป่วย..


 Copyright 2026. Bcnsprnw @Library